000 01324cam a22002055a 4500
001 L158734
008 150702s2014 xxk f 000 0 eng d
035 _a(Sirsi) u158734
041 0 _aeng
110 2 _aUnited Kingdom
_bDepartment for Environment Food and Rural Affairs
245 0 0 _aDraft Shale Gas Rural Economy Impacts Paper
260 _aLondon
_bDEFRA
_c2014
520 _aDEFRA assessment of the impacts of fracking has now been published in full. It warns in previously omitted sections that house prices near fracking wells were likely to fall up to 7% in values within a mile of wells. Also, leakage of waste fluids from fracking processes had led to environmental damage in the USA and fracking could also effect human health indirectly through the consumption of contaminated wildlife, livestock or agricultural products. The report also details some possible benefits of fracking such as generating jobs and economic growth as well as providing greater energy security for the UK.
590 _aKA
651 4 _aENGLAND AND WALES
690 _aEnergy
_96237
690 _aEnvironment
_96238
856 4 0 _uhttps://https://www.gov.uk/government/uploads/system/uploads/attachment_data/file/440791/draft-shale-gas-rural-economy-impact-report.pdf
_zView the report free of charge at www.gov.uk
942 _n0
999 _c115485
_d115485